Outline studies in Galatians / (Record no. 21613)
[ view plain ]
| 000 -LEADER | |
|---|---|
| fixed length control field | 01128pam a2200325 a 4500 |
| 001 - CONTROL NUMBER | |
| control field | 3366402 |
| 003 - CONTROL NUMBER IDENTIFIER | |
| control field | OSt |
| 005 - DATE AND TIME OF LATEST TRANSACTION | |
| control field | 20260415102151.0 |
| 008 - FIXED-LENGTH DATA ELEMENTS--GENERAL INFORMATION | |
| fixed length control field | 870513r1987 miu 000 0 eng |
| 010 ## - LIBRARY OF CONGRESS CONTROL NUMBER | |
| LC control number | 87003096 |
| 035 ## - SYSTEM CONTROL NUMBER | |
| System control number | 3366402 |
| 040 ## - CATALOGING SOURCE | |
| Original cataloging agency | DLC |
| Transcribing agency | DLC |
| Modifying agency | DLC |
| 050 00 - LIBRARY OF CONGRESS CALL NUMBER | |
| Classification number | BS2685 |
| Item number | .L44 1972 |
| 082 00 - DEWEY DECIMAL CLASSIFICATION NUMBER | |
| Classification number | 251/.02 |
| Edition number | 19 |
| 100 1# - MAIN ENTRY--PERSONAL NAME | |
| Personal name | Lee, Robert, |
| Dates associated with a name | 1872-1956. |
| 240 10 - UNIFORM TITLE | |
| Uniform title | Outlined Galatians |
| 245 10 - TITLE STATEMENT | |
| Title | Outline studies in Galatians / |
| Statement of responsibility, etc. | Robert Lee. |
| 260 ## - PUBLICATION, DISTRIBUTION, ETC. (IMPRINT) | |
| Place of publication, distribution, etc. | Grand Rapids, Mich. : |
| Name of publisher, distributor, etc. | Kregel Publications, |
| Date of publication, distribution, etc. | c1972. |
| 300 ## - PHYSICAL DESCRIPTION | |
| Extent | 136 p. ; |
| Dimensions | 20 cm. |
| 336 ## - CONTENT TYPE | |
| Content type term | text |
| Content type code | txt |
| Source | rdacontent |
| 337 ## - MEDIA TYPE | |
| Media type term | unmediated |
| Media type code | n |
| Source | rdamedia |
| 338 ## - CARRIER TYPE | |
| Carrier type term | volume |
| Carrier type code | nc |
| Source | rdacarrier |
| 490 1# - SERIES STATEMENT | |
| Series statement | Robert Lee outline studies series |
| 500 ## - GENERAL NOTE | |
| General note | Reprint. Originally published: The outlined Galatians. London : Pickering & Inglis, [1933] |
| 630 00 - SUBJECT ADDED ENTRY--UNIFORM TITLE | |
| Uniform title | Bible. |
| Name of part/section of a work | Galatians |
| General subdivision | Sermons |
| -- | Outlines, syllabi, etc. |
| 800 1# - SERIES ADDED ENTRY--PERSONAL NAME | |
| Personal name | Lee, Robert, |
| Dates associated with a name | 1872-1956. |
| Title of a work | Robert Lee outline studies series. |
| 906 ## - LOCAL DATA ELEMENT F, LDF (RLIN) | |
| a | 7 |
| b | cbc |
| c | orignew |
| d | 1 |
| e | ocip |
| f | 19 |
| g | y-gencatlg |
| 942 ## - ADDED ENTRY ELEMENTS (KOHA) | |
| Source of classification or shelving scheme | Library of Congress Classification |
| Koha item type | General Collection |
| Withdrawn status | Lost status | Source of classification or shelving scheme | Not for loan | Home library | Current library | Shelving location | Date acquired | Source of acquisition | Inventory number | Total Checkouts | Full call number | Barcode | Date last seen | Copy number | Price effective from | Koha item type |
|---|---|---|---|---|---|---|---|---|---|---|---|---|---|---|---|---|
| Library of Congress Classification | Kabarak, Main Campus | Kabarak, Main Campus | General Stacks | 15/04/2026 | Donation | 2025/2971 | BS2685 .L44 1972 C.1 | 38934 | 15/04/2026 | C.1 | 15/04/2026 | General Collection |